Cuerpos fotografiados por Cameron 2
Na minha lista:
| Autor Corporativo: | |
|---|---|
| Formato: | Livro |
| Idioma: | espanhol |
| Publicado em: |
Santiago
Taller Experimental Cuerpos Pintados
2003
|
| Edição: | 1a. ed |
| Colecção: | Fotografía, C5
|
| Assuntos: | |
| Tags: |
Adicionar Tag
Sem tags, seja o primeiro a adicionar uma tag!
|
MARC
| LEADER | 00000cam a2200000 a 4500 | ||
|---|---|---|---|
| 001 | UCF2771 | ||
| 003 | CL-VaPUC | ||
| 008 | 120910e20030000CL |||||||||||||||||spa|d | ||
| 020 | |a 9562950611v.2 | ||
| 082 | 0 | 4 | |a 709.421 |b TAL |2 21 |
| 110 | 2 | |a Taller Experimental Cuerpos Pintados |e author |9 564570 | |
| 245 | 1 | 0 | |a Cuerpos fotografiados por Cameron 2 |
| 250 | |a 1a. ed | ||
| 300 | |a pág. irreg | ||
| 942 | |c BK | ||
| 945 | |d 20120910 00:00:00 |a dcastane | ||
| 260 | |a Santiago |b Taller Experimental Cuerpos Pintados |c 2003 | ||
| 500 | |a Fotografías de Loren Cameron | ||
| 650 | 0 | |a Fotografía |9 268495 | |
| 650 | 0 | |a Fotografía artística |9 269391 | |
| 650 | 7 | |a FOTOGRAFIA DE PERSONAS |2 CL-VaPUC |9 564571 | |
| 583 | |a last modification |c 20120910 11:39:00 |k Rodrigo Vera | ||
| 490 | 0 | |a Fotografía, C5 | |
| 999 | |c 349310 |d 349308 | ||
| 952 | |0 0 |1 0 |4 0 |6 709_421000000000000_TAL_2003 |7 0 |8 X |9 451886 |a BIBART |b BIBART |d 2019-11-22 |h v.2 |i 4896149 |o 709.421 TAL 2003 |p 4896149 |r 2025-03-13 |w 2019-11-22 |y BK_X |k ART | ||